100 Rock Bands by Members - Statistics

General Stats
  • This quiz has been taken 2,662 times
  • The average score is 47 of 100
Answer Stats
Hint Answer % Correct
Kurt Cobain, Krist Novoselic, Dave Grohl Nirvana
99%
Freddie Mercury, Roger Taylor, Brian May Queen
99%
John Lennon, Paul McCartney, Ringo Starr The Beatles
99%
Keith Richards, Mick Jagger, Bill Wyman The Rolling Stones
92%
Axl Rose, Slash, Izzy Stradlin Guns N' Roses
91%
Ozzy Osbourne, Tony Iommi, Ronnie James Dio Black Sabbath
90%
Eddie ___ _____, David Lee Roth, Sammy Hagar Van Halen
87%
Angus Young, Bon Scott, Brian Johnson AC/DC
86%
Jimmy Page, Robert Plant, John Bonham Led Zeppelin
84%
Lars Ulrich, James Hetfield, Kirk Hammett Metallica
84%
Bono, The Edge, Adam Clayton U2
82%
Dave Grohl, Nate Mendel, Taylor Hawkins Foo Fighters
81%
Steven Tyler, Joe Perry, Tom Hamilton Aerosmith
80%
Billie Joe Armstrong, Mike Dirnt, Tre Cool Green Day
80%
Noel Gallagher, Liam Gallagher, Paul McGuigan Oasis
80%
Stevie Nicks, Lindsey Buckingham, Christine McVie Fleetwood Mac
79%
Rogers Waters, Syd Barrett, David Gilmour Pink Floyd
79%
Jim Morrison, Ray Manzarek, John Densmore The Doors
79%
Jon __ ___, David Bryan, Tico Torres Bon Jovi
78%
Flea, Anthony Kiedis, Chad Smith Red Hot Chili Peppers
76%
Gene Simmons, Ace Frehley, Peter Criss KISS
75%
Chris Martin, Guy Berryman, Jon Buckland Coldplay
74%
Sting, Andy Summers, Stewart Copeland The Police
74%
Roger Daltrey, Pete Townshend, Keith Moon The Who
69%
Eddie Vedder, Mike McCready, Jeff Ament Pearl Jam
67%
Phil Collins, Mike Rutherford, Peter Gabriel Genesis
66%
Chester Bennington, Mike Shinoda, Phoenix Linkin Park
65%
Eric Clapton, Jack Bruce, Ginger Baker Cream
64%
Thom Yorke, Jonny Greenwood, Ed O'Brien Radiohead
64%
Adam Levine, James Valentine, Ryan Dusick Maroon 5
63%
Johnny Rotten, Sid Vicious, Steve Jones Sex Pistols
61%
Chris Cornell, Kim Thayil, Matt Cameron Soundgarden
61%
Mark Knopfler, John Illsley, Hal Lindes Dire Straits
58%
Brian Wilson, Mike Love, Carl Wilson The Beach Boys
57%
Vince Neil, Tommy Lee, Nikki Sixx Mötley Crüe
56%
Morrissey, Johnny Marr, Mike Joyce The Smiths
56%
Don Henley, Glenn Frey, Joe Walsh Eagles
54%
Gwen Stefani, Adrian Young, Tony Kanal No Doubt
53%
Billy Corgan, James Iha, Jimmy Chamberlin The Smashing Pumpkins
51%
John Fogerty, Doug Clifford, Stu Cook Creedence Clearwater Revival
50%
Steve Perry, Neal Schon, Steve Smith Journey
50%
Joey ______, Johnny _______, Dee Dee ______ Ramones
50%
Joe Strummer, Mick Jones, Paul Simonon The Clash
50%
Courtney Love, Eric Erlandson, Patty Schemel Hole
49%
Tom Morello, Zack de la Rocha, Tim Commerford Rage Against the Machine
49%
Michael Stipe, Bill Berry, Peter Buck R.E.M.
49%
Lemmy, Philthy Animal Taylor, Fast Eddie Clark Motörhead
47%
Dolores O'Riordan, Mike Hogan, Noel Hogan The Cranberries
45%
Robert Smith, Simon Gallup, Boris Williams The Cure
45%
Geddy Lee, Alex Lifeson, Neil Peart Rush
44%
David Byrne, Chris Frantz, Tina Weymouth Talking Heads
42%
Lou Reed, John Cale, Maureen Tucker The Velvet Underground
42%
Mark Hoppus, Tom DeLonge, Travis Barker blink-182
41%
Deborah Harry, Clem Burke, Nigel Harrison Blondie
41%
Billy F. Gibbons, Frank Beard, Dusty Hill ZZ Top
41%
Ann Wilson, Nancy Wilson, Howard Leese Heart
40%
Ian Paice, David Coverdale, Ian Gillan Deep Purple
39%
Jerry Garcia, Bob Weir, Pigpen Grateful Dead
39%
Chad Kroeger, Mike Kroeger, Ryan Vikedal Nickelback
39%
Gary Rossington, Ronnie Van Zant, Billy Powell Lynyrd Skynyrd
37%
Hayley Williams, JERM, Josh Farro Paramore
37%
Darion Malakian, Serj Tankian, Shavo Odadjian System of a Down
37%
Alex Turner, Jamie Cook, Matt Helders Arctic Monkeys
36%
Rivers Cuomo, Patrick Wilson, Scott Shriner Weezer
36%
Iggy Pop, Ron Asheton, Steve Mackay The Stooges
35%
Eric Clapton, Jimmy Page, Jeff Beck The Yardbirds
35%
Steve Harris, Adrian Smith, Nicko McBrain Iron Maiden
34%
Ray Davies, Dave Davies, Mick Avory The Kinks
34%
Jeff Lynne, Richard Tandy, Kelly Groucutt Electric Light Orchestra
33%
Brandon Flowers, Dave Keuing, Ronnie Vannucci The Killers
33%
Jerry Cantrell, Sean Kinney, Mike Inez Alice in Chains
32%
Joe Elliott, Rick Savage, Rick Allen Def Leppard
32%
Gerard Way, Ray Toro, Frank Iero My Chemical Romance
31%
Gregg _____, Duane _____, Butch Trucks The Allman Brothers Band
31%
Julian Casablancas, Nickel Eye, Albert Hammond Jr. The Strokes
29%
Matt Bellamy, Christopher Wolstenholme, Dominic Howard Muse
28%
____ ______, Mitch Mitchell, Noel Redding Jimi Hendrix Experience
27%
Ric Ocasek, Elliot Easton, Greg Hawkes The Cars
26%
Josh Homme, Dave Grohl, Mikey Shuman Queens of the Stone Age
25%
Jay Jay French, Dee Snider, Mark Mendoza Twisted Sister
25%
Ritchie Blackmore, Ronnie James Dio, Cozy Powell Rainbow
24%
Patrick Stump, Pete Wentz, Andy Hurley Fall Out Boy
23%
Bryan Ferry, Brian Eno, Phil Manzanera Roxy Music
23%
Roger McGuinn, David Crosby, Gene Clark The Byrds
23%
Tom Araya, Kerry King, Dave Lombardo Slayer
21%
Robert Fripp, Greg Lake, Bill Bruford King Crimson
18%
Frank Black, Joey Santiago, Kim Deal Pixies
18%
Tom Scholz, Brad Delp, Sib Hashian Boston
17%
Ian Anderson, Martin Barre, Tony Iommi Jethro Tull
17%
Donald Fagen, Walter Becker, Denny Dias Steely Dan
17%
Stephen Stills, Neil Young, Bruce Palmer Buffalo Springfield
15%
Roland Orzabal, Curt Smith, Ian Stanley Tears for Fears
15%
Steve Winwood, Jim Capaldi, Dave Mason Traffic
12%
___ ____, Mike Campbell, Stan Lynch Tom Petty & the Heartbreakers
11%
Dean DeLeo, Robert DeLeo, Eric Kretz Stone Temple Pilots
10%
Buck Dharma, Eric Bloom, Joe Bouchard Blue Öyster Cult
7%
Ezra Koenig, Christopher Tomson, Baio Vampire Weekend
6%
____ ____, Ricky Byrd, Lee Crystal Joan Jett & the Blackhearts
5%
Matt Berninger, Aaron Dessner, Bryce Dessner The National
5%
Matt Shultz, Brad Shultz, Jared Champion Cage the Elephant
3%
No matching quizzes found
Score Distribution
Percent of People with Each Score
Percentile by Number Answered
Your Score History
You have not taken this quiz